000 01018nam a2200265 a 4500
001 36320
003 BD-RjUL
005 20211209052453.0
008 140619s1961 ilubf b 000 0 eng d
035 _a(BD-RjUL)36417
040 _aORZ
_cORZ
_dEQO
_beng
041 _aeng
082 _a301.363
_bGIU 1961
100 1 _aGilbert, Edmund William,
_d1900-
_950162
245 1 4 _aThe university town in England and West Germany :
_bMarburg, Göttingen, Heidelberg, and Tübingen, viewed comparatively with Oxford and Cambridge /
_cby Edmund W. Gilbert.
260 _aChicago :
_bDepartment of Geography, University of Chicago,
_c1961.
300 _aviii, 74 p. :
_bill., maps.
_c23 cm.
490 1 _aUniversity of Chicago geography research paper ;
_vno. 71
504 _aBibliography: p. 73-74.
650 0 _aUniversity towns
_zGermany.
_9107294
650 0 _aUniversity towns
_zGreat Britain.
_9107295
830 0 _vno. 71
_9110528
830 0 _aUniversity of Chicago geography research paper ;
_932185
942 _2ddc
_cBK
999 _c36320
_d36320